banner-ar

PLAN GENERAL DE LA VILLE DU KAIRE ET DES ENVIRONS / (Record no. 25772)

MARC details
000 -الفاتح
حقل البيانات ثابتة الطول 00488nam a2200157Ia 4500
008 - عناصر البيانات ثابتة الطول - معلومات عامة
حقل البيانات ثابتة الطول 140319s9999 xx 000 0 eng d
040 ## - مصدر الفهرسة
وكالة الفهرسة الأصلية GCL /
وكالة النسخ GCL
082 04 - رقم تصنيف ديوى العشرى
رقم التصنيف M
رقم المادة KAIRE
-- 4000
100 1# - المدخل الرئيسى - إسم شخصى
الإسم الشخصى LE L'COHONEL SZULTZ ANCIENT OFFICIER DU
245 10 - بيان العنوان
العنوان PLAN GENERAL DE LA VILLE DU KAIRE ET DES ENVIRONS /
بيان المسئوليه,etc LE L'COHONEL SZULTZ ANCIENT OFFICIER DU
260 ## - PUBLICATION, DISTRIBUTION, ETC. (IMPRINT)
تاريخ النشر أو التوزيع 1946
650 04 - المدخل الاضافى بالموضوع-مصطلح موضوعى
مصطلح موضوعي MAPS
650 04 - المدخل الاضافى بالموضوع-مصطلح موضوعى
مصطلح موضوعي CAIRO
942 ## - عناصر المدخل الإضافي( كوها)
مصدر التصنيف او مخطط الترفيف Dewey Decimal Classification
Koha [default] item type خرائط
260 ## - PUBLICATION, DISTRIBUTION, ETC. (IMPRINT)
-- [S.N] :
-- LE COLONEL SZULTZ AN CIENT OFFICIER ،
Holdings
حالة التراجع حالة الفقد حالة تلف ليس للاعارة المكان المؤقت الموقع الحالى تاريخ الاكتساب اجمالي اﻻعارات رقم الطلب الباركود تاريخ اخر مشاهدة تاريخ تفعيل السعر نوع وعاء كوها
        مكتبة القاهرة الكبرى مكتبة القاهرة الكبرى 03/26/2014   M\KAIRE\4000 45353 03/26/2014 03/26/2014 خرائط
        مكتبة القاهرة الكبرى مكتبة القاهرة الكبرى 03/26/2014   M\KAIRE\4000 45354 03/26/2014 03/26/2014 خرائط

Powered By

EGPV